Pazienti imprevisti

में बचाया:
ग्रंथसूची विवरण
मुख्य लेखक: Pietrantoni Luca
स्वरूप: पुस्तक
भाषा:अज्ञात या अवैध भाषा
प्रकाशित: Bologna Arcigay 2003
टैग: टैग जोड़ें
कोई टैग नहीं, इस रिकॉर्ड को टैग करने वाले पहले व्यक्ति बनें!

MARC

LEADER 00000nam a2200000Ia 4500
001 319
003 NUMERAZIONE-ORIGINALE-BRESCIA
005 20260206230752.0
008 260206s9999 xx 000 0 und d
100 |a Pietrantoni Luca 
245 0 |a Pazienti imprevisti 
260 |a Bologna 
260 |b Arcigay 
260 |c 2003 
500 |a Pratica medica e orientamento sessuale 
942 |2 ddc  |c BK  |n 0 
952 |0 0  |1 0  |2 ddc  |4 0  |6 25  |7 0  |9 28517  |a BS  |b BS  |d 2026-02-06  |i 319  |l 0  |o 2-5-*  |r 2026-02-06 22:40:36  |w 2026-02-06  |x [REVISIONARE]  |y BK 
999 |c 24189  |d 24189